000 01227nam a22002297a 4500
999 _c64119
_d64119
003 Ge_BSU
005 20260408114117.0
008 260408s2024 ge ||||| |||| 00| 0 geo d
020 _a9789941345753
041 _ageo
080 _a37.134(042.4)+37.02 ბ-89
100 _aბოჭორიშვილი, მანანა
_97165
245 _aგანვითარებისა და სწავლის თეორიები :
_bსალექციო კურსი /
_cმანანა ბოჭორიშვილი; რედაქტორი ლია ახალაძე, თამარ შინჯიაშვილი.
264 _aთბილისი :
_bმერიდიანი,
_c2024.
300 _a196 გვ.:
_bილ. ;
_c25 სმ.
504 _aბიბლიოგრ. გვ. 193-196
653 _aსწავლების მეთოდები
653 _aსწავლების მიდგომები, შეფასება
700 _aახალაძე, ლია
_eრედაქტორი
_927288
700 _aშინჯიაშვილი, თამარ
_eრედაქტორი
_927289
942 _2udc
_cᲬᲘᲒᲜᲘ